Industrial biotransformations

The book gives information on industrial biotransformation - an industrial importance. The book is divided into 7 sections: History of industrial biotransformations - dreams and realities; The enzyme classification; Retrosynthetic Biocatalysis; Optimization of industrial enzymes by molecular enginee...

Descrizione completa

Salvato in:
Dettagli Bibliografici
Natura: Libro
Lingua:Undetermined
Pubblicazione: Weinheim [German] Wiley-VCH 2006
Soggetti:
Tags: Aggiungi Tag
Nessun Tag, puoi essere il primo ad aggiungerne! !
Thư viện lưu trữ: Trung tâm Học liệu Trường Đại học Cần Thơ
LEADER 00972nam a2200193Ia 4500
001 CTU_123484
008 210402s9999 xx 000 0 und d
020 |c 3040000 
082 |a 660.63 
082 |b I.42 
245 0 |a Industrial biotransformations 
245 0 |c Edited by Andreas Liese, Karsten Seelbach, Christian Wandrey 
260 |a Weinheim [German] 
260 |b Wiley-VCH 
260 |c 2006 
520 |a The book gives information on industrial biotransformation - an industrial importance. The book is divided into 7 sections: History of industrial biotransformations - dreams and realities; The enzyme classification; Retrosynthetic Biocatalysis; Optimization of industrial enzymes by molecular engineering; basics of bioreaction engineering; processes; quantitative analysis of industrial biotransformation 
650 |a Biotransformation (metabolism),Biochemical engineering 
904 |i H.Mai 
980 |a Trung tâm Học liệu Trường Đại học Cần Thơ